000 00701cam a22002534a 4500
999 _c125782
_d125782
003 UPN
005 20220117122543.0
008 071126s2006 ck r 000 0bspa d
020 _a9580495785
035 _aUPN01000153661
040 _aUPN
_bspa
_cUPN
049 _aCG
050 4 _aLA2317 M3.6
_bM3.6
100 1 _aMcCourt, Frank,
_d1930-2009
245 1 3 _aEl profesor /
_cFrank McCourt ; tr. Laura Wittner.
260 _aBogotá :
_bNorma,
_c2006.
300 _a307 p.
490 0 _aBiografías y documentos
534 _pTítulo original:
_tThe teacher man
600 1 4 _aMCCOURT, FRANK,
_d1930-2009
650 4 _aMAESTROS -
_zESTADOS UNIDOS
_9758
905 _aLibro
942 _2lcc
_cLIBRO